000 00810nam a2200193Ia 4500
008 151121s9999||||xx |||||||||||||| ||und||
082 _a813-/देशपां
082 _bHNW-118123
100 _aदेशपांडे कृ। पं।/ देशपांडे शुभदा
245 _aभारतीय मातृकथा-3
260 _bगंधर्व-वेद प्रकाशन पुणे।
260 _c2013
300 _a679
600 _aदेशपांडे कृ। पं।/ देशपांडे शुभदा
630 _aभारतीय मातृकथा-3
700 _aदेशपांडे कृ। पं।/ देशपांडे शुभदा
730 _aभारतीय मातृकथा-3
942 _cBOOK
999 _c1265674
_d1265671